Hồ sơ quyền lực Napoleon

Nội dung tập trung vào bản chất, cơ chế vận hành và cách sử dụng quyfn lực của Napoleon và bằng những dữ kiện vô giá.

Na minha lista:
Detalhes bibliográficos
Autor principal: Ellis, Geoffrey
Formato: Livro
Idioma:Undetermined
Publicado em: Hà Nội Thế giới 2015
Assuntos:
Tags: Adicionar Tag
Sem tags, seja o primeiro a adicionar uma tag!
Thư viện lưu trữ: Trung tâm Học liệu Trường Đại học Cần Thơ
LEADER 00786nam a2200205Ia 4500
001 CTU_221018
008 210402s9999 xx 000 0 und d
020 |c 99000 
082 |a 944.05 
082 |b E47 
100 |a Ellis, Geoffrey 
245 0 |a Hồ sơ quyền lực Napoleon 
245 0 |c Geoffrey Ellis ; Tố Nga dịch 
260 |a Hà Nội 
260 |b Thế giới 
260 |c 2015 
520 |a Nội dung tập trung vào bản chất, cơ chế vận hành và cách sử dụng quyfn lực của Napoleon và bằng những dữ kiện vô giá. 
650 |a Napoleon I, Emperor of the French,Napoleon, Hoàng đế của Pháp 
904 |i Tuyến 
980 |a Trung tâm Học liệu Trường Đại học Cần Thơ